Logo Biblioteca

Vecinos y detectives en Belgrano / (Registro nro. 955)

Detalles MARC
000 -LEADER
fixed length control field 01337nam a22003017a 4500
003 - CONTROL NUMBER IDENTIFIER
control field AR-RoUNCS
005 - DATE AND TIME OF LATEST TRANSACTION
control field 20260309122402.0
007 - PHYSICAL DESCRIPTION FIXED FIELD--GENERAL INFORMATION
fixed length control field ta
008 - FIXED-LENGTH DATA ELEMENTS--GENERAL INFORMATION
fixed length control field 161227s2005 ag a cr 001 f spa
015 ## - NATIONAL BIBLIOGRAPHY NUMBER
National bibliography number AR-2005
020 ## - INTERNATIONAL STANDARD BOOK NUMBER
International Standard Book Number 978-04-0058-2
040 ## - CATALOGING SOURCE
Original cataloging agency AR-BaBN
Language of cataloging spa
Transcribing agency AR-RoUNCS
Description conventions aacr
044 ## - COUNTRY OF PUBLISHING/PRODUCING ENTITY CODE
MARC country code ag
ISO country code ar-c
080 1# - UNIVERSAL DECIMAL CLASSIFICATION NUMBER
Universal Decimal Classification number 82-312.4(82)
Edition identifier 2016
100 1# - MAIN ENTRY--PERSONAL NAME
Personal name Brandán Aráoz, María,
Dates associated with a name 1949-
Relator term autora
Relationship aut
245 10 - TITLE STATEMENT
Title Vecinos y detectives en Belgrano /
Statement of responsibility, etc. María Brandán Aráoz ; ilustraciones de Shula Goldman.
250 ## - EDITION STATEMENT
Edition statement 2a ed.
260 ## - PUBLICATION, DISTRIBUTION, ETC.
Place of publication, distribution, etc. Buenos Aires :
Name of publisher, distributor, etc. Alfaguara,
Date of publication, distribution, etc. 2005.
300 ## - PHYSICAL DESCRIPTION
Extent 164 p. :
Other physical details il. ;
Dimensions 20 cm.
490 0# - SERIES STATEMENT
Series statement Alfaguara Juvenil. Azul
520 3# - SUMMARY, ETC.
Summary, etc. «Vecinos y detectives en Belgrano cuenta la primera aventura de Mauro, Diego, Adela y Fernando, los protagonistas de Detectives en Palermo viejo, cuando se conocieron. Más chicos pero con el mismo espíritu detectivesco, descubren algo extraño en una carnicería de su barrio. Cuando comienzan a unir datos se encuentran frente a un caso de robo y realizan una arriesgada investigación».
Assigning source (Descripción del editor).
521 1# - TARGET AUDIENCE NOTE
Target audience note Edad sugerida desde los 12 años.
650 #7 - SUBJECT ADDED ENTRY--TOPICAL TERM
Source of heading or term embne
Topical term or geographic name entry element Literatura argentina
655 #4 - INDEX TERM--GENRE/FORM
Genre/form data or focus term Novelas juveniles
655 #4 - INDEX TERM--GENRE/FORM
Genre/form data or focus term Novelas policiacas
700 1# - ADDED ENTRY--PERSONAL NAME
Personal name Goldman, Shula,
Dates associated with a name 1947-
Relator term ilustradora
Relationship ill
942 ## - ADDED ENTRY ELEMENTS (KOHA)
Source of classification or shelving scheme Universal Decimal Classification
Koha item type Obra General
Suppress in OPAC No
Existencias
Withdrawn status Lost status Source of classification or shelving scheme Damaged status Not for loan Collection Home library Current library Date acquired Source of acquisition Total checkouts Full call number Barcode Date last seen Price effective from Koha item type
    Universal Decimal Classification     Colección General Biblioteca Escuela de Ciencias Sociales Biblioteca Escuela de Ciencias Sociales 09/03/2026 Donación 2024   82-312.4(82) B817 001284 09/03/2026 09/03/2026 Obra General
Biblioteca de la Escuela Preuniversitaria en Ciencias Sociales y Humanísticas.
Riobamba 250 bis.
CP 2000 - Rosario - Santa Fe
E-Mail: biblioteca@esociales.unr.edu.ar